| 000 -LEADER |
| fixed length control field |
00708nam a22001337a 4500 |
| 040 ## - CATALOGING SOURCE |
| Transcribing agency |
RUA |
| 082 ## - DEWEY DECIMAL CLASSIFICATION NUMBER |
| Classification number |
AVM CHR 2018 B658 Or.1 |
| 100 ## - MAIN ENTRY--AUTHOR NAME |
| Personal name |
CHREA CHEABMENG ជ្រា ជាបម៉េង |
| 245 ## - TITLE STATEMENT |
| Title |
gastrointestinal parasites in cattle at prek kork commue, steng trorng district,kampong cham province បរាសិតក្នុងក្រពះពោះវៀនគោ នៅឃុំព្រែកកក់ ស្រុកស្ទឹងត្រង់ ខេត្តកំពង់ចាម |
| 260 ## - PUBLICATION, DISTRIBUTION, ETC. (IMPRINT) |
| Place of publication |
RUA |
| Name of publisher |
PHNOM PENH |
| Year of publication |
2018 |
| 300 ## - PHYSICAL DESCRIPTION |
| Number of Pages |
VIII;32P |
| Other physical details |
ill; |
| Dimensions |
29cm |
| 856 ## - ELECTRONIC LOCATION AND ACCESS |
| Uniform Resource Identifier |
https://drive.google.com/file/d/15YgQqzpSJeIkworaqAdpkh0_dk7q8u9c/view?usp=sharing |
| 942 ## - ADDED ENTRY ELEMENTS (KOHA) |
| Koha item type |
AVM |
| 952 ## - LOCATION AND ITEM INFORMATION (KOHA) |
| Withdrawn status [LOCAL, KOHA] |
0 |
| 952 ## - LOCATION AND ITEM INFORMATION (KOHA) |
| Withdrawn status [LOCAL, KOHA] |
0 |
| 952 ## - LOCATION AND ITEM INFORMATION (KOHA) |
| Withdrawn status [LOCAL, KOHA] |
0 |
| 952 ## - LOCATION AND ITEM INFORMATION (KOHA) |
| Withdrawn status [LOCAL, KOHA] |
0 |
| 952 ## - LOCATION AND ITEM INFORMATION (KOHA) |
| Withdrawn status [LOCAL, KOHA] |
0 |
| 952 ## - LOCATION AND ITEM INFORMATION (KOHA) |
| Withdrawn status [LOCAL, KOHA] |
0 |